Movies Quiz

Random Movies or Popular Quiz

Movie Objects Quiz Stats

 Plays Quiz Updated Nov 1, 2019

Score 0/20 Timer 04:00
29 Plays Today
% Correct
Ghostbusters
97.2%
Back to the Future
94.8%
Aladdin
93.7%
Star Wars
93.2%
The Incredibles
91%
Avengers: Infinity War
80.9%
Cast Away
80.3%
Titanic
77.9%
V for Vendetta
76%
Saw
73.9%
% Correct
The Mask
69.3%
Mean Girls
68.4%
Superbad
66.2%
Inception
59.8%
Dodgeball
57.9%
A Christmas Story
56.2%
Citizen Kane
53.9%
Pirates of the Caribbean
47.6%
The Maltese Falcon
43.6%
The Natural
28.7%

You're not logged in!

Compare scores with friends on all Sporcle quizzes.
OR
Log In

Sporcle TV

Today on Sporcle TV


Watch our educational content, quiz creation guides, and fun videos on Sporcle TV.

Show Comments

Extras

Top Quizzes Today


Score Distribution

Your Account Isn't Verified!

In order to create a playlist on Sporcle, you need to verify the email address you used during registration. Go to your Sporcle Settings to finish the process.

Report this User

Report this user for behavior that violates our Community Guidelines.

Details: